Welcome to the Holygrace Academy Library

Please use search bar below to get started

NANAYUVAN NJAN KADALAKUNNU (Record no. 8675)

MARC details
000 -LEADER
fixed length control field 00368nam a22001457a 4500
082 ## - DEWEY DECIMAL CLASSIFICATION NUMBER
Classification number 920
Item number VIJ/N
100 ## - MAIN ENTRY--AUTHOR NAME
Personal name VIJAY, NIMNA
245 ## - TITLE STATEMENT
Title NANAYUVAN NJAN KADALAKUNNU
246 ## - VARYING FORM OF TITLE
Title proper/short title NANAYUVAN NJAN KADALAKUNNU
Remainder of title NANAYUVAN NJAN KADALAKUNNU
260 ## - PUBLICATION, DISTRIBUTION, ETC. (IMPRINT)
Place of publication CALICUT,INDIA
Name of publisher MANKIND
Year of publication 2024
300 ## - PHYSICAL DESCRIPTION
Number of Pages 168
520 ## - SUMMARY, ETC.
Summary, etc MEMOIR
650 ## - SUBJECT ADDED ENTRY--TOPICAL TERM
Topical Term MALAYALAM MEMOIR
942 ## - ADDED ENTRY ELEMENTS (KOHA)
Koha item type Books
Holdings
Withdrawn status Lost status Collection code Home library Current library Shelving location Date acquired Source of acquisition Cost, normal purchase price Full call number Accession Number Koha item type
    Non-fiction Main Library Main Library NEW SHELF WITH NEW ENTRY 06/05/2024 PURCHASED 299.00 920 VIJ/N 13609 Books